000 01280cam a2200325 a 4500
999 _c28684
_d28684
001 14702713
005 20170315135454.0
008 070118s2008 maua b 001 0 eng
010 _a 2007002125
020 _a9780073402826 (alk. paper)
020 _a0073402826 (alk. paper)
035 _a(OCoLC)ocm79256820
035 _a(OCoLC)79256820
040 _aDLC
_cDLC
_dBAKER
_dC#P
_dBTCTA
_dYDXCP
_dDLC
043 _an-us---
050 0 0 _aHD 4901 .B674 2008
082 0 0 _a331
_222
100 1 _aBorjas, George J.
245 1 0 _aLabor economics /
_cGeorge J. Borjas.
250 _a4th ed.
260 _aBoston :
_bMcGraw-Hill/Irwin,
_cc2008.
300 _axvi, 544 p. :
_bill. ;
_c24 cm.
504 _aIncludes bibliographical references and indexes.
650 0 _aLabor economics.
650 0 _aLabor market
_zUnited States.
942 _2lcc
_cBOOKS
_hHD 4901 .B674 2008